=LDR 00000nam 2200000 4500 =001 INLIS000000000025886 =005 20200409083417 =035 ##$$a 0010-061300000025886 =008 200409################g##########0#ind## =041 ##$$a Ind =082 ##$$a 2X0 =090 ##$$a 2X0, Had r =100 ##$$a Hadi, Khusnul =245 1#$$a Kundalini, dalam rambu-rambu islam, /$c Khusnul Hadi =260 ##$$a Jakarta :$b Reiki Tao,$c 2002 =300 ##$$a 239 hlm, ; $c 14 x 19 cm =650 #4$$a Kundalini =850 ##$$a NBPNMAT =020 ##$$a 979-96691-0-3 =084 ##$$a 2X0 HAD k =250 ##$$a cet.1 =990 ##$$a DW00029195 =990 ##$$a 00084724